5HLuxD.jpg

KING HENRY VIII SENIOR AND PRIMARY SCHOOL LIBRARY OPAC

Tales from a not-so-talented pop star / (Record no. 3180)

000 -LEADER
fixed length control field 00982nam a22002297a 4500
005 - DATE AND TIME OF LATEST TRANSACTION
control field 20231031094632.0
008 - FIXED-LENGTH DATA ELEMENTS--GENERAL INFORMATION
fixed length control field 231031b ||||| |||| 00| 0 eng d
020 ## - INTERNATIONAL STANDARD BOOK NUMBER
International Standard Book Number 9781442411906
040 ## - CATALOGING SOURCE
Transcribing agency KH8
082 ## - DEWEY DECIMAL CLASSIFICATION NUMBER
Classification number FIC RUS
100 ## - MAIN ENTRY--PERSONAL NAME
Personal name Russell, Rachel Renee
Relator term Author
245 ## - TITLE STATEMENT
Title Tales from a not-so-talented pop star /
Statement of responsibility, etc. Rachel Renee Russell
260 ## - PUBLICATION, DISTRIBUTION, ETC.
Place of publication, distribution, etc. London,
Name of publisher, distributor, etc. Simon and Schuster,
Date of publication, distribution, etc. 2019
300 ## - PHYSICAL DESCRIPTION
Extent 311 pages :
Other physical details illustrations ;
Dimensions 20 cm.
440 ## - SERIES STATEMENT/ADDED ENTRY--TITLE
Title Dork diaries,
Volume/sequential designation 3
500 ## - GENERAL NOTE
General note Also published in paperback by same publisher, 2015 and 2016<br/>Also published as "Tales from a not-so-talented pop star"
520 ## - SUMMARY, ETC.
Summary, etc. Let the spotlight showdown commence...Nikki Maxwell's school is holding a talent competition and Nikki can't wait to start practising dance moves with her BFFs, Chloe and Zoey, and impressing Brandon, her crush, with her singing skills!
650 ## - SUBJECT ADDED ENTRY--TOPICAL TERM
Topical term or geographic name entry element Children's stories
650 ## - SUBJECT ADDED ENTRY--TOPICAL TERM
Topical term or geographic name entry element Diary fiction
650 ## - SUBJECT ADDED ENTRY--TOPICAL TERM
Topical term or geographic name entry element Fiction
942 ## - ADDED ENTRY ELEMENTS (KOHA)
Source of classification or shelving scheme
Koha item type Books - Fiction
Holdings
Withdrawn status Lost status Source of classification or shelving scheme Damaged status Not for loan Collection code Permanent Location Current Location Shelving location Date acquired Total Checkouts Total Renewals Full call number Barcode Date last seen Date last checked out Price effective from Koha item type
          Fiction KH8 Primary School Library KH8 Primary School Library Fiction 2023-10-31 16 1 FIC RUS KHPL000004329 2025-12-05 2025-11-17 2023-10-31 Books - Fiction
          Fiction KH8 Primary School Library KH8 Primary School Library Fiction 2023-10-31 5   FIC RUS KHPL000004330 2025-12-05 2024-03-15 2023-10-31 Books - Fiction

Powered By KH8 IT Dept